000 01220nam0a22002531 4500
001 rc\2692058
005 20250623162946.0
035 _a(NLR Aleph) 006820300
090 _a6436291
_c6436291
100 _a20110915d1933 |||y0rusy50 ca
101 0 _arus
102 _aRU
105 _ay z |||||
200 1 _aПриродные газы в Северо-Западной части Северного Кавказа
_fК. А. Прокопов
210 _a[Ленинград]
_cГосхимтехиздат. Ленингр. отд-ние
_d1933
_gтип. Гидр. упр.
215 _aОбл., 11 с., без тит. л.
_d26х17 см.
225 1 _aПриродные газы СССР. Сборник статей под редакцией академика И. М. Губкина, академика А. Е. Ферсмана и профессора Б. С. Швецова
_fКом-т по химизации нар. хоз-ва СССР при Госплане СССР
_vВып. 15
700 1 _aПрокопов
_bК.А.
_f1882-
_gКонстантин Андреевич
801 0 _aRU
_bNLR
_gpsbo
801 1 _aRU
_bELAR
_2rusmarc
852 _aNLR
_j33-19/341-15
942 _cBOOK
980 _aNB